Západné Tatry ; Roháče turistická mapa

Bibliographic Details
Corporate Author: Vojenský kartografický ústav (Harmanec, Slovensko) (Author)
Format: Map
Language:Slovak
German
English
Hungarian
Polish
PhysicalDescription:1 mapa v plastovom púzdre fareb. 89 x 58 cm zlož. na 20 x 13 cm 1 text. príl. (102 s.)
Published: Harmanec VKÚ 2003
ISBN:8080423725
Edition:6. vyd.
Series:Edícia turistických máp
Subjects:

MARC

LEADER 00000nem a2200000 a 4500
001 vtls001466726
003 SK-MaSNL
005 20260301203510.0
007 aj cazzn
008 251029s2003 xo abgfuuua 0 slo
015 |a SNBC2004/04-01901 
020 |a 8080423725 
035 |a SNK000422031 
040 |a SNK  |b slo  |c SNK  |e AACR2 
041 0 |a slo  |a ger  |a eng  |a hun  |a pol 
043 |a e-xo--- 
044 |a xo  |c SK 
072 7 |a 913(4)  |x Geografia Európy, reálie, cestovanie  |2 konspekt 
080 |a 91(437.6)  |2 1981 
080 |a 912(234.372.4)  |2 1981 
080 |a 912.43:797.5  |2 1981 
080 |a (084.3)  |2 1981 
080 |a 796.5(234.372.4)(084.3)  |2 1981 
080 |a 908(437.6)  |2 1981 
110 2 |a Vojenský kartografický ústav (Harmanec, Slovensko)  |4 aut  |4 pbl  |9 32777 
245 1 0 |a Západné Tatry ; Roháče  |h kartografický dokument  |b turistická mapa  |c ... spracoval ... Vojenský kartografický ústav 
246 3 0 |a Roháče 
250 |a 6. vyd. 
255 |a Mierka 1:50 000 
260 |a Harmanec  |b VKÚ  |c 2003 
300 |a 1 mapa v plastovom púzdre  |b fareb.  |c 89 x 58 cm zlož. na 20 x 13 cm  |e 1 text. príl. (102 s.) 
490 1 |a Edícia turistických máp  |v 112 
500 |a Text legendy, podnázov a vysvetl. v nem., angl., maď. a poľ. 
500 |a Textová príloha obsahuje turisticko vlastivedný popis. Red. uzávierka 10.12.2002 
651 7 |a Západné Tatry (Poľsko a Slovensko : pohorie)  |2 SNK  |9 68765 
651 7 |a Roháče (Západné Tatry, Slovensko : pohorie)  |2 SNK  |9 74675 
655 7 |a turistické mapy  |2 SNK  |9 70551 
830 0 |a Edícia turistických máp  |9 295991 
919 |a 80-8042-372-5 
923 |a turistická  |b skladaná  |c pre verejnosť 
999 |c 902845  |d 904775 
952 |t P60, <04>, [BOOK], {604}  |a SNK  |b SNK  |y VYP  |7 0  |p 17A0411405  |o snkSLCm 2339 D1  |i snkKSP 951/2004  |0 0  |1 0  |4 0  |d 2004-01-20  |l 0  |r 2005-01-02 00:00:00  |w 2026-02-24 
952 |t P60, <03>, [BOOK], {603}  |a SNK  |b SNK  |y PREZ  |7 0  |p 17A0411408  |o snkSLCm 2339/príl.  |0 0  |1 0  |4 0  |d 2004-01-27  |l 0  |r 2005-01-02 00:00:00  |w 2026-02-24 
952 |t P60, <04>, [BOOK], {604}  |a SNK  |b SNK  |y VYP  |7 0  |p 17A0411406  |o snkSLCm 2339/príl. D1  |0 0  |1 0  |4 0  |d 2004-01-27  |l 0  |r 2005-01-02 00:00:00  |w 2026-02-24 
952 |t P60, <03>, [BOOK], {603}  |a SNK  |b SNK  |y PREZ  |7 0  |p 17A0411407  |o snkSLCm 2339  |i snkKSP 950/2004  |0 0  |1 0  |4 0  |d 2004-01-20  |l 0  |r 2005-01-02 00:00:00  |w 2026-02-24